Statistics for England World Cup Squad 2014

Click here to take the quiz!

General Stats

  • This quiz has been taken 633 times
  • The average score is 15 of 23

Answer Stats

HintAnswer% Correct
GKJoe Hart
96%
FWWayne Rooney
94%
MFSteven Gerrard
87%
MFFrank Lampard
81%
FWDaniel Sturridge
76%
DFGary Cahill
76%
MFRaheem Sterling
76%
GKBen Foster
67%
FWDaniel Welbeck
67%
DFLeighton Baines
67%
DFPhil Jones
67%
DFChris Smalling
66%
MFJordan Henderson
65%
GKFraser Forster
64%
DFGlen Johnson
60%
DFPhil Jagielka
59%
MFJames Milner
58%
DFLuke Shaw
57%
MFJack Wilshere
53%
MFAdam Lallana
52%
MFAlex Oxlade-Chamberlain
49%
FWRickie Lambert
47%
MFRoss Barkley
40%

Score Distribution

Percentile by Number Answered

Percent of People with Each Score

Your Score History

You have not taken this quiz